NE OKURSAN O OLURSUN (Record no. 1164318)

MARC details
000 -LEADER
sabit uzunluktaki kontrol alanı 00237nam a2200097Ia 4500
001 - KONTROL NUMARASI
kontrol alanı 1164318
005 - EN SON İŞLEMİN TARİH VE ZAMANI
kontrol alanı 20250827011719.0
008 - SABİT-UZUNLUKTA VERİ ÖĞELERİ--GENEL BİLGİ
sabit uzunluktaki kontrol alanı 250824s9999 xx 000 0 und d
245 #0 - ESER / YAZAR
ESER ADI NE OKURSAN O OLURSUN
Yazar Adı ROBERT DIYANNI
260 ## - YAYIN, DAĞITIM, VB.
YAYIN EVİ ANTRE
Holdings
Düşüm durumu Kayıp durumu Hasar Durumu Ödünç verilmez Ana kütüphane Geçerli Kütüphane Edinilen tarih Toplam ödünç verme sayısı Barkod Son görüntüleme tarihi Fiyatın geçerli olmaya başladığı tarih Koha materyal türü
        KEMAL AKPINAR İMAM HATİP ORTAOKULU KEMAL AKPINAR İMAM HATİP ORTAOKULU 24.08.2025   10285179 27.08.2025 27.08.2025 Books